Statistics for All 1M+ cities in East Africa (with a map)

Click here to take the quiz!

General Stats

  • This quiz has been taken 91 times
  • The average score is 11 of 12

Answers on the Map

Answers color-coded by a green-red scale on the quiz's map according to % correct below.
 

Answer Stats

CountryPopulationCity% Correct
Kenya6.10 milNairobi
99%
Ethiopia3.90 milAddis Ababa
97%
Madagascar2.75 milAntananarivo
96%
Tanzania6.45 milDar es Salaam
96%
Somalia2.00 milMogadishu
95%
Zimbabwe2.07 milHarare
92%
Uganda3.67 milKampala
92%
Rwanda1.23 milKigali
92%
Zambia2.80 milLusaka
91%
Mozambique2.35 milMaputo
91%
Kenya1.25 milMombasa
91%
Malawi1.09 milLilongwe
90%

Score Distribution

Percentile by Number Answered

Percent of People with Each Score

Your Score History

You have not taken this quiz